000 00590nam a2200229Ia 4500
003 OSt
005 20220924143314.0
006 a|||||r|||| 00| 0
007 ta
008 220923b |||||||| |||| 00| 0 urd d
024 _a307678
037 _cTextual
040 _aARTS
_cARTS
_burd
041 _2urd
_aurd
082 _aO168,1M06x, M2
100 _aDehlavi Zahoor Ali Zahoor
_9215358
245 0 _aDeewan e zahoor
260 _c1982
650 _aURDU LITERATURE
942 _hO168,1M06x, M2
_cTEXL
_2CC
999 _c454003
_d454003